000 01138nam a2200217Ia 4500
003 Ost
005 20260507075601.0
008 260507s9999||||xx |||||||||||||| ||und||
040 _cfsecg
041 _aara
082 _a600
100 _aعقل، مفلح محمد
_eمؤلف
245 0 _aمقدمة في الادارة المالية والتحليل المالي /
_c مفلح محمد عقل
260 _aعمان:
_bمكتبة المجتمع العربي للنشر و التوزيع,
_c2006
300 _a496 صفحة؛
_bإيضاحات ؛
_c24 سم
504 _aمراجع ص.495
520 _aالادارة المالية, السياسات المالية اضافة الى مصادر التمويل, العوامل المحددة لانواع التمويل, ادارة الموجودات, التحليل المالي و أدواته, التحليل المالي بالنسب , و كذا تحليل التعادل, تحليل الرفع, التخطيط المالي و اخيرا الرياضة المالية.
653 _aالادارة المالية
653 _aالتحليل المالي
942 _cكتاب
999 _c45006
_d45006